S-Band Ground Station For Low Earth Orbit Nano Satellite Mission (Record no. 233620)

MARC details
000 -LEADER
fixed length control field 00858nam a2200145Ia 4500
008 - FIXED-LENGTH DATA ELEMENTS--GENERAL INFORMATION
fixed length control field 231221s9999 xx 000 0 und d
041 ## - LANGUAGE CODE
Language code of text/sound track or separate title English
082 ## - DEWEY DECIMAL CLASSIFICATION NUMBER
Classification number CPEC15-1095
100 ## - MAIN ENTRY--PERSONAL NAME
Personal name Kavya Shree, D R. Praveen Kumar, S S. Abhirami, C. Agrawal, V K. Sambasiva Rao, V.
245 #0 - TITLE STATEMENT
Title S-Band Ground Station For Low Earth Orbit Nano Satellite Mission
260 ## - PUBLICATION, DISTRIBUTION, ETC.
Date of publication, distribution, etc. 2015
500 ## - GENERAL NOTE
General note S-Band Ground Station For Low Earth Orbit Nano Satellite Mission D.R.Kavya Shree, S.S.Praveen Kumar, C.Abhirami, V.K.Agrawal and V.Sambasiva Rao, Department of Electronics and Communication Engineering, PES Institute of Technology, Bangalore, INDIA 2nd  International Space Conference 2015.Delhi 2015, pp 19-23.
650 ## - SUBJECT ADDED ENTRY--TOPICAL TERM
Topical term or geographic name entry element S-Band,Ground,Station,Low,Earth,Orbit, Nan, Satellit, Mission
942 ## - ADDED ENTRY ELEMENTS (KOHA)
Koha item type Institutional repository
Holdings
Date last seen Total checkouts Full call number Accession number Price effective from Category Lost status Damaged status Department Withdrawn status Home library Current library Shelving location Entry date Grants Currency symbol Conversion rate Discount Old discount
26/01/2024   CPEC15-1095 IR1095 26/01/2024 Institutional repository     EC   Central Library Central Library Central Library   EC RS 1    

© For any Suggestions or Query, please contact the library staff @ librarian@pes.edu or Phone: +9180 2672 1983/ 2108.